000 01097nam a22002657a 4500
005 20100319134440.0
008 100319t xxu||||| |||| 00| 0 eng d
010 _aENG-95917
020 _a9788184840148
_c750.00
035 _aEN-79450
037 _bDBAD/PUB
040 _aDPL
082 _a338.76095412
100 _aJagtar Singh
245 _aAgricultural location and the market:
_cby Jagtar Singh
_bRevisiting von thunen in Indian context/
260 _aNew Delhi
_bRegal Publications
_c2009
270 _aF-159, Rajouri Garden
_bNew Delhi
_e110027
300 _axxvi, 145p. :
_c24 cm. (Hb)
_bill.
500 _aIncludes bibliographical refrences and index
650 _aFarms
_xLocations
_zIndia
_zJalandhar City Region
650 _aAgricultural Industries
_zIndia
_zJalandhar City Region
650 _aFarmers markets
_zIndia
_zJalandhar City Region
942 _2ddc
_cEN
_mSIN
_h338.76095412
999 _c34790
_d34790